Vplyv voľby utopického bodu na cieľové parametre multikriteriálnej optimalizácie

Enregistré dans:
Détails bibliographiques
Auteur principal: Gergelová, Hana (Auteur)
Autres auteurs: Važan, Pavel (Directeur de thèse)
Format: Manuscrit Livre
Langue:slovaque
Publié: 2019
Sujets:
Accès en ligne:http://is.stuba.sk/zp/portal_zp.pl?podrobnosti=151312
Tags: Ajouter un tag
Pas de tags, Soyez le premier à ajouter un tag!

MARC

LEADER 00000ntm a22000003a 4500
001 stuzp71911
003 SK-STU
005 20190615211631.6
007 ta
008 150427s2015----xo-----f-mn---000-0-slo-d
040 |a STU  |b slo 
041 0 |a slo 
100 1 |a Gergelová, Hana  |u 066000  |4 aut  |U MTF Materiálovotechnologická fakulta  |T MTF Ústav aplikovanej informatiky, automatizácie a mechatroniky  |X 81774  |U M6000  |Y 86  |7 81774 
242 0 1 |a The Effect of the Choice of a Utopia Point on Goals in Multi-Objective Optimization  |y eng 
245 1 0 |a Vplyv voľby utopického bodu na cieľové parametre multikriteriálnej optimalizácie 
260 |c 2019 
650 4 |a transformácia funkcií  |2 slo 
650 4 |a multikriteriálna optimalizácia  |2 slo 
650 4 |a witness  |2 slo 
650 4 |a multicriteria optimalization  |2 eng 
650 4 |a function transformation  |2 eng 
650 4 |a witness  |2 eng 
700 1 |a Važan, Pavel  |u 066000  |k Z1  |4 ths  |U MTF Materiálovotechnologická fakulta  |T MTF Ústav aplikovanej informatiky, automatizácie a mechatroniky  |X 323  |U M6000  |Y 86  |7 A000000323 
856 4 |u http://is.stuba.sk/zp/portal_zp.pl?podrobnosti=151312 
996 |c M* DP-13855  |l MMSKP  |s P  |a 0  |w stuzp71911_0001